Statistics for U.S. Presidents by Place of Birth and Death

Click here to take the quiz!

General Stats

  • This quiz has been taken 13,662 times
  • The average score is 10 of 18

Answer Stats

BirthDeathAnswer% Correct
Brookline, MassachusettsDallasJohn F. Kennedy
98%
Hope, Arkansas(still alive)Bill Clinton
90%
Popes Creek, VirginiaMount Vernon, VirginiaGeorge Washington
80%
Plains, Georgia(still alive)Jimmy Carter
80%
Hodgenville, KentuckyWashington, DCAbraham Lincoln
73%
Tampico, IllinoisLos AngelesRonald Reagan
64%
Hyde Park, New YorkWarm Springs, GeorgiaFranklin D. Roosevelt
59%
Quincy, MassachusettsQuincy, MassachusettsJohn Adams
59%
Stonewall, TexasStonewall, TexasLyndon B. Johnson
55%
Yorba Linda, CaliforniaNew York CityRichard Nixon
53%
Milton, MassachusettsHoustonGeorge H. W. Bush
45%
Border of North and South CarolinaNashvilleAndrew Jackson
42%
Lamar, MissouriKansas CityHarry Truman
41%
New York CityOyster Bay, New YorkTheodore Roosevelt
41%
Niles, OhioBuffalo, New YorkWilliam McKinley
35%
Denison, TexasWashington, DCDwight D. Eisenhower
28%
Kinderhook, New YorkKinderhook, New YorkMartin Van Buren
26%
Charles City County, VirginiaWashington, DCWilliam Henry Harrison
22%

Score Distribution

Percentile by Number Answered

Percent of People with Each Score

Your Score History

You have not taken this quiz